| 000 | 00811nam a22002777a 4500 | ||
|---|---|---|---|
| 001 | 00260 | ||
| 003 | DO-SdBPM | ||
| 005 | 20250527120650.0 | ||
| 007 | 00260 | ||
| 008 | 151118b1995 sp || 00| 0 spa d | ||
| 020 | _a8420646059 | ||
| 040 |
_aDO-SdBPM _bspa _cBPMSU |
||
| 082 | 4 |
_a863.6 _bM379b 1995 _222 |
|
| 100 | 1 |
_aGaite, Carmen Martín, _d1925- |
|
| 245 | 1 | 0 |
_aEl balneario / _cCarmen Martín Gaite. |
| 260 |
_aMadrid : _bAlianza Cien, _c1995 |
||
| 300 |
_a89 p. ; _c15 cm. |
||
| 490 | 0 |
_aAlianza cien, _v5 |
|
| 500 | _aIncluye datos biográficos del autor la contracubierta. | ||
| 590 | _aInventariado, 2025/VM | ||
| 650 | 4 | _aNovela española | |
| 650 | 4 | _aNovela psicológica | |
| 651 |
_aEspaña _xVida social y costumbres |
||
| 910 | _a VMateo V. Control de calidad. BPMSU | ||
| 942 |
_2ddc _cBK |
||
| 999 |
_c8787 _d8787 |
||